[Event "NRW Class1 0708"]
[Site "Germany"]
[Date "2007.12.09"]
[Round "4.1"]
[White "Guddat, Joachim"]
[Black "Gruen, Gerd Peter"]
[Result "0-1"]
[WhiteElo "2215"]
[BlackElo "2378"]
[PlyCount "150"]
[EventDate "2007.09.16"]
[EventType "team"]
[EventRounds "9"]
[EventCountry "GER"]
[SourceTitle "EXT 2009"]
[Source "ChessBase"]
[SourceDate "2008.11.26"]
[SourceVersion "1"]
[SourceVersionDate "2008.11.26"]
[SourceQuality "1"]
[WhiteTeam "Krefeld"]
[BlackTeam "Bielefeld"]
[WhiteTeamCountry "GER"]
[BlackTeamCountry "GER"]

1. d4 Nf6 2. Nf3 e6 3. c4 Bb4+ 4. Bd2 c5 5. Bxb4 cxb4 6. Nbd2 0-0 7. e4 d6 8. e5 dxe5 9. dxe5 Nfd7 10. Bd3 Nc6 11. Qe2 g6 12. 0-0-0 b6 13. Be4 Bb7 14. h4 Qe7 15. h5 Rad8 16. hxg6 fxg6 17. Bxc6 Bxc6 18. Ne4 Bxe4 19. Qxe4 Nc5 20. Qe3 Rxd1+ 21. Rxd1 Rd8 22. Rxd8+ Qxd8 23. Kc2 Kg7 24. Ng5 Qf8 25. g4 Qe7 26. f4 h6 27. Ne4 Nxe4 28. Qxe4 h5 29. f5 gxf5 30. gxf5 exf5 31. Qxf5 Qf7 32. Qc8 Qg6+ 33. Kb3 Qg3+ 34. Kxb4 Qxe5 35. Qd7+ Kf6 36. Qc6+ Kf5 37. Qf3+ Ke6 38. Kb3 Qf5 39. Qc6+ Ke5 40. Qc7+ Kd4 41. Qg7+ Ke3 42. Qg1+ Kf3 43. Qf1+ Kg4 44. Qg2+ Kh4 45. Qg1 Qg4 46. Qc1 Qf3+ 47. Kb4 Kh3 48. Qh6 h4 49. Qe6+ Kg2 50. Qg6+ Kh2 51. Qd6+ Kh1 52. Qe7 h3 53. Qe1+ Kg2 54. Qd2+ Kf1 55. Qc1+ Ke2 56. Qc2+ Ke3 57. Qc1+ Kd4 58. Qd2+ Ke4 59. Qe1+ Qe3 60. Qb1+ Kf3 61. Qd1+ Kg3 62. Qd6+ Kf2 63. Qh2+ Ke1 64. Qh1+ Kd2 65. Kb5 Qg5+ 66. Ka6 Qg2 67. Qb1 h2 68. b4 h1Q 69. Qxh1 Qxh1 70. Kxa7 Qc6 71. b5 Qc5 72. a4 Kc3 73. a5 bxa5+ 74. b6 a4 75. Ka8 Qxb6 0-1

[Event "NRW Class2 0607"]
[Site "Germany"]
[Date "2007.05.06"]
[Round "9.2"]
[White "Engels, Natia"]
[Black "Gruen, Gerd Peter"]
[Result "0-1"]
[WhiteElo "2159"]
[BlackElo "2378"]
[PlyCount "88"]
[EventDate "2006.09.17"]
[EventType "team-tourn"]
[EventRounds "9"]
[EventCountry "GER"]
[SourceTitle "EXT 2008"]
[Source "ChessBase"]
[SourceDate "2007.11.25"]
[SourceVersion "1"]
[SourceVersionDate "2007.11.25"]
[SourceQuality "1"]
[WhiteTeam "Muenster II"]
[BlackTeam "Bielefeld"]
[WhiteTeamCountry "GER"]
[BlackTeamCountry "GER"]

1. Nf3 Nf6 2. d4 e6 3. Bg5 h6 4. Bh4 b6 5. e3 Bb7 6. Nbd2 d6 7. Be2 g5 8. Bg3 Nh5 9. e4 Bg7 10. c3 Nd7 11. Ng1 Nxg3 12. hxg3 Qe7 13. Qa4 a6 14. 0-0-0 0-0 15. f4 c5 16. e5 cxd4 17. cxd4 dxe5 18. dxe5 b5 19. Qa5 Nc5 20. Ngf3 g4 21. Nh4 Rfd8 22. Kb1 f5 23. Ng6 Qf7 24. Nh4 Rac8 25. Nb3 Be4+ 26. Ka1 Nxb3+ 27. axb3 Qc7 28. Qxc7 Rxd1+ 29. Rxd1 Rxc7 30. Rd8+ Kf7 31. Bd3 Rc1+ 32. Ka2 Rd1 33. Rd7+ Ke8 34. Rxg7 Rxd3 35. Ra7 Bd5 36. Rxa6 b4 37. Rd6 Rxg3 38. Kb1 Bxb3 39. Kc1 Re3 40. Rb6 Re4 41. Rb8+ Kd7 42. Ng6 Kc7 43. Rb5 Rd4 44. Rc5+ Kb6 0-1

[Event "NRW Class2 0607"]
[Site "Germany"]
[Date "2006.12.17"]
[Round "4.2"]
[White "Schlawin, Marlon"]
[Black "Gruen, Gerd Peter"]
[Result "0-1"]
[WhiteElo "2384"]
[BlackElo "2378"]
[PlyCount "144"]
[EventDate "2006.09.17"]
[EventType "team-tourn"]
[EventRounds "9"]
[EventCountry "GER"]
[SourceTitle "EXT 2008"]
[Source "ChessBase"]
[SourceDate "2007.11.25"]
[SourceVersion "1"]
[SourceVersionDate "2007.11.25"]
[SourceQuality "1"]
[WhiteTeam "Bochum 31 II"]
[BlackTeam "Bielefeld"]
[WhiteTeamCountry "GER"]
[BlackTeamCountry "GER"]

1. e4 e5 2. Nf3 Nc6 3. Bc4 Bc5 4. 0-0 Nf6 5. d3 0-0 6. Re1 h6 7. c3 d6 8. Nbd2 a6 9. Bb3 Ba7 10. Nf1 Re8 11. Ng3 Be6 12. Bxe6 Rxe6 13. Nf5 Ne7 14. Nxe7+ Qxe7 15. Nh4 Kh7 16. Qf3 Ng8 17. Nf5 Qf8 18. Be3 Bxe3 19. Nxe3 Nf6 20. Qh3 g6 21. Rf1 c6 22. f4 exf4 23. Rxf4 Nh5 24. Rf2 Qe7 25. Raf1 Rf8 26. Kh1 d5 27. Nf5 Qg5 28. Nd4 Re7 29. Nf3 Qe3 30. Qh4 Ree8 31. Nd4 dxe4 32. Rxf7+ Rxf7 33. Rxf7+ Kg8 34. Rf1 exd3 35. Nf3 Qe4 36. Qf2 Qe2 37. Qg1 Qe3 38. Rd1 Nf4 39. Qxe3 Rxe3 40. Kg1 Re2 41. Rd2 Rxd2 42. Nxd2 Kf7 43. Kf2 Ke6 44. Kf3 g5 45. g3 Ng6 46. Ke4 Ne5 47. h3 b5 48. b4 h5 49. Nb3 h4 50. gxh4 gxh4 51. Nc5+ Kd6 52. Nxd3 Nxd3 53. Kxd3 Kd5 54. Kd2 Ke4 55. Ke2 c5 56. bxc5 Kd5 57. Kd3 Kxc5 58. Kd2 Kc4 59. Kc2 b4 60. cxb4 Kxb4 61. Kb2 Kc4 62. Kc2 Kd4 63. Kd2 a5 64. Kc2 Ke3 65. Kb3 Kf3 66. Ka4 Kg3 67. Kxa5 Kxh3 68. Kb6 Kg4 69. a4 h3 70. a5 h2 71. a6 h1Q 72. Ka7 Qc6 0-1

[Event "Oberliga NRW 0506"]
[Site "Germany"]
[Date "2005.09.25"]
[Round "1.1"]
[White "Gruen, Gerd Peter"]
[Black "Matthias, Heiner"]
[Result "1-0"]
[WhiteElo "2379"]
[BlackElo "2369"]
[PlyCount "69"]
[EventDate "2005.09.25"]
[EventType "team-tourn"]
[EventRounds "9"]
[EventCountry "GER"]
[SourceTitle "EXT 2007"]
[Source "ChessBase"]
[SourceDate "2006.11.23"]
[SourceVersion "1"]
[SourceVersionDate "2006.11.23"]
[SourceQuality "1"]
[WhiteTeam "Bielefeld"]
[BlackTeam "Lippstadt Turm"]
[WhiteTeamCountry "GER"]
[BlackTeamCountry "GER"]

1. d4 d6 2. g3 g6 3. Nf3 Bg7 4. Bg2 c6 5. 0-0 Bg4 6. c4 Qb6 7. e3 Nf6 8. Nc3 0-0 9. h3 Bxf3 10. Bxf3 a5 11. Rb1 Nbd7 12. b3 Ne8 13. Bb2 Nc7 14. Na4 Qa7 15. h4 Rad8 16. h5 Rfe8 17. hxg6 hxg6 18. Nc3 Qa6 19. a4 Qb6 20. Kg2 Na6 21. Rh1 Nb4 22. Qd2 Nf6 23. Ne4 Nxe4 24. Bxe4 e5 25. d5 Re7 26. Bc3 c5 27. Bf3 e4 28. Bxe4 Rxe4 29. Bxg7 Kxg7 30. Qc3+ f6 31. Rh7+ Kxh7 32. Qxf6 Re5 33. Qf7+ Kh6 34. g4 Re4 35. f4 1-0

[Event "NRW Class2 0405"]
[Site "Germany"]
[Date "2005.02.20"]
[Round "7.2"]
[White "Haves, Reinhard"]
[Black "Gruen, Gerd Peter"]
[Result "0-1"]
[WhiteElo "2254"]
[BlackElo "2367"]
[PlyCount "70"]
[EventDate "2004.10.10"]
[EventType "team"]
[EventRounds "9"]
[EventCountry "GER"]
[SourceTitle "EXT 2006"]
[Source "ChessBase"]
[SourceDate "2005.11.24"]
[SourceVersion "1"]
[SourceVersionDate "2005.11.24"]
[SourceQuality "1"]
[WhiteTeam "Neuenkirchen"]
[BlackTeam "Bielefeld"]
[WhiteTeamCountry "GER"]
[BlackTeamCountry "GER"]

1. c4 e5 2. g3 Nf6 3. Bg2 c6 4. d4 e4 5. Nc3 Bb4 6. Bd2 Bxc3 7. Bxc3 0-0 8. e3 d5 9. Qc2 dxc4 10. Bb4 Re8 11. Qxc4 a5 12. Bd2 b6 13. Qc2 Ba6 14. Bf1 Bb7 15. Ne2 Nbd7 16. Bg2 c5 17. 0-0 Ba6 18. Rfe1 Rc8 19. Qd1 Qe7 20. Bc3 Red8 21. Qb3 c4 22. Qa3 Qe8 23. Bh3 Rc6 24. Rad1 Nd5 25. Nf4 N7f6 26. Bg2 Bb7 27. Qa4 Nxf4 28. gxf4 Nd5 29. Qc2 f5 30. Qe2 Ra8 31. Kh1 b5 32. Rb1 b4 33. Bd2 Ba6 34. Qd1 c3 35. bxc3 bxc3 0-1

[Event "NRW Class2 0405"]
[Site "Germany"]
[Date "2005.01.09"]
[Round "5.2"]
[White "Mertens, Heiko"]
[Black "Gruen, Gerd Peter"]
[Result "0-1"]
[WhiteElo "2235"]
[BlackElo "2367"]
[PlyCount "90"]
[EventDate "2004.10.10"]
[EventType "team"]
[EventRounds "9"]
[EventCountry "GER"]
[SourceTitle "EXT 2006"]
[Source "ChessBase"]
[SourceDate "2005.11.24"]
[SourceVersion "1"]
[SourceVersionDate "2005.11.24"]
[SourceQuality "1"]
[WhiteTeam "Godesberg II"]
[BlackTeam "Bielefeld"]
[WhiteTeamCountry "GER"]
[BlackTeamCountry "GER"]

1. e4 e5 2. Nc3 Nf6 3. f4 d5 4. fxe5 Nxe4 5. Qf3 Nxc3 6. dxc3 Nc6 7. Bb5 Qh4+ 8. g3 Qg4 9. Qxd5 Bd7 10. Bf4 0-0-0 11. Qxf7 Be6 12. h3 Bxf7 13. hxg4 Nxe5 14. Bxe5 Rd5 15. Bxg7 Bxg7 16. Bd3 Re8+ 17. Ne2 h6 18. 0-0 Bg8 19. Rae1 Rde5 20. a3 Bf8 21. Rf5 Re3 22. Ref1 Bd6 23. R5f3 Rxe2 24. Bxe2 Bc5+ 25. Kh1 Bd5 26. c4 Bc6 27. Bd3 Re3 28. Kg2 a5 29. g5 hxg5 30. g4 a4 31. Kg3 Bd6+ 32. Kg2 Kd8 33. R1f2 Be5 34. Be2 Bxb2 35. Kf1 Bxf3 36. Rxf3 Rxf3+ 37. Bxf3 Bxa3 38. Bxb7 Bb2 39. c5 Ke7 40. Bd5 Kf6 41. Bc6 a3 42. Bd5 Ke5 43. Bb3 Kd4 44. Ke2 Bc1 45. c6 Kc3 0-1

[Event "NRW Class2 0304"]
[Site "Germany"]
[Date "2004.04.25"]
[Round "9.2"]
[White "Gruen, Gerd Peter"]
[Black "Wegener, Olaf"]
[Result "0-1"]
[WhiteElo "2362"]
[BlackElo "2402"]
[PlyCount "103"]
[EventDate "2003.09.28"]
[EventType "team"]
[EventRounds "9"]
[EventCountry "GER"]
[SourceTitle "CBM 098 Extra"]
[Source "ChessBase"]
[SourceDate "2004.03.10"]
[SourceVersion "2"]
[SourceVersionDate "2004.03.10"]
[SourceQuality "1"]
[WhiteTeam "Bielefeld"]
[BlackTeam "Brackel"]
[WhiteTeamCountry "GER"]
[BlackTeamCountry "GER"]

1. d4 Nf6 2. Nf3 e6 3. c4 b6 4. g3 Ba6 5. b3 Bb4+ 6. Bd2 Be7 7. Bg2 c6 8. 0-0 d5 9. Bc3 Nbd7 10. Nbd2 Rc8 11. Qc2 c5 12. Qb2 cxd4 13. Nxd4 e5 14. Nf5 d4 15. Bxd4 exd4 16. Nxg7+ Kf8 17. Nf5 Rc7 18. Rad1 Bb7 19. Bxb7 Rxb7 20. Nf3 Nc5 21. Rxd4 Qc7 22. Rf4 Ncd7 23. Nxe7 Kxe7 24. e4 Rg8 25. e5 Ne8 26. Re1 Nc5 27. Qc2 h6 28. Nd4 Kd8 29. Nb5 Qe7 30. Rd4+ Kc8 31. b4 Ne6 32. Rd5 Qxb4 33. Red1 a6 34. Nd6+ Nxd6 35. exd6 Rd8 36. h4 Rbd7 37. Qd3 Nc5 38. Qd4 Qa3 39. Rd2 Kb7 40. Kg2 Ka7 41. Qf4 Qc1 42. h5 Rc8 43. R2d4 Qxf4 44. Rxf4 Rh8 45. Rdf5 Rh7 46. Rd4 Kb7 47. f4 Kc6 48. g4 Ne6 49. Rdd5 Rxd6 50. Kg3 Nc7 51. Rxd6+ Kxd6 52. Rd5+ 0-1

[Event "NRW Class2 0304"]
[Site "Germany"]
[Date "2003.12.07"]
[Round "4.2"]
[White "Gruen, Gerd Peter"]
[Black "Wehmeier, Stefan"]
[Result "1/2-1/2"]
[WhiteElo "2362"]
[BlackElo "2350"]
[PlyCount "122"]
[EventDate "2003.09.28"]
[EventType "team"]
[EventRounds "9"]
[EventCountry "GER"]
[SourceTitle "CBM 098 Extra"]
[Source "ChessBase"]
[SourceDate "2004.03.10"]
[SourceVersion "2"]
[SourceVersionDate "2004.03.10"]
[SourceQuality "1"]
[WhiteTeam "Bielefeld"]
[BlackTeam "Lippstadt Turm"]
[WhiteTeamCountry "GER"]
[BlackTeamCountry "GER"]

1. d4 Nf6 2. Nf3 b5 3. Bg5 c5 4. Bxf6 gxf6 5. d5 f5 6. e4 fxe4 7. Ng5 Qb6 8. Nxe4 Bg7 9. Nbc3 0-0 10. Be2 b4 11. Na4 Qg6 12. Ng3 d6 13. 0-0 f5 14. Nh5 Be5 15. f4 Bd4+ 16. Kh1 Kh8 17. c3 bxc3 18. bxc3 Bf6 19. Nxf6 Qxf6 20. Rb1 Nd7 21. Qc2 Qg6 22. Rfe1 Nf6 23. Bf3 Rf7 24. c4 Ba6 25. Nb2 Rg8 26. Nd1 Qh6 27. Ne3 Bc8 28. Rb8 Qxf4 29. Qc3 Qg5 30. Nd1 f4 31. Nf2 Bf5 32. Rb7 Qg7 33. Rxa7 e5 34. Rxf7 Qxf7 35. a4 Rb8 36. a5 Qb7 37. h3 Qb4 38. Qa1 Qxc4 39. a6 Qd4 40. a7 Ra8 41. Qa6 Qxf2 42. Re2 Qd4 43. Ra2 e4 44. Qxd6 Kg7 45. Qxf4 exf3 46. Qxf5 Qxd5 47. Qb1 f2 48. Rxf2 Rxa7 49. Rxf6 Ra2 50. Rf3 Rd2 51. Rg3+ Kh6 52. Kh2 Rd1 53. Qb8 Qd6 54. Qg8 Qe7 55. Qg4 Rd4 56. Qf5 c4 57. Qf2 Qe5 58. Qf8+ Kh5 59. Qf7+ Kh6 60. Qf8+ Kh5 61. Qg8 Kh6 1/2-1/2

[Event "Oberliga NRW 9900 I"]
[Site "Germany"]
[Date "1999.10.26"]
[Round "1.3"]
[White "Sziva, Erika"]
[Black "Gruen, Gerd Peter"]
[Result "1/2-1/2"]
[WhiteElo "2295"]
[BlackElo "2375"]
[PlyCount "87"]
[EventDate "1999.10.26"]
[EventType "team"]
[EventRounds "9"]
[EventCountry "GER"]
[SourceTitle "EXT 2001"]
[Source "ChessBase"]
[SourceDate "2000.11.22"]
[SourceVersion "1"]
[SourceVersionDate "2000.11.22"]
[SourceQuality "1"]
[WhiteTeam "Heiligenhaus"]
[BlackTeam "Enger Spenge"]
[WhiteTeamCountry "GER"]
[BlackTeamCountry "GER"]

1. e4 e5 2. Nf3 Nc6 3. Bb5 Nf6 4. 0-0 Nxe4 5. d4 Nd6 6. Bxc6 dxc6 7. dxe5 Nf5 8. Qxd8+ Kxd8 9. Nc3 Ke8 10. Bf4 h6 11. h4 Be7 12. h5 Nh4 13. Nh2 Bg5 14. Bxg5 hxg5 15. g3 Nf5 16. Rad1 g4 17. Rfe1 Rxh5 18. Nxg4 Nxg3 19. e6 Rh1+ 20. Kg2 Rxe1 21. Rxe1 Nf5 22. exf7+ Kxf7 23. Ne4 Nd6 24. Ne5+ Kg8 25. Nxd6 cxd6 26. Nc4 Bf5 27. Nxd6 Bxc2 28. Nxb7 Rb8 29. Re7 Bb1 30. a3 Ba2 31. b4 Bd5+ 32. Kg3 Rf8 33. Re3 Rf6 34. Nc5 Rg6+ 35. Kf4 Rf6+ 36. Kg3 Rg6+ 37. Kf4 Rg2 38. f3 Kf7 39. Ne4 Rb2 40. Nd6+ Kf6 41. Ne8+ Kf7 42. Nd6+ Kf6 43. Ne8+ Kf7 44. Nd6+ 1/2-1/2

[Event "Oberliga NRW 9899 I"]
[Site "Germany"]
[Date "1999.05.06"]
[Round "9.4"]
[White "Buenermann, Volker"]
[Black "Gruen, Gerd Peter"]
[Result "1/2-1/2"]
[WhiteElo "2325"]
[BlackElo "2385"]
[PlyCount "49"]
[EventDate "1998.10.10"]
[EventType "team"]
[EventRounds "9"]
[EventCountry "GER"]
[SourceTitle "EXT 2000"]
[Source "ChessBase"]
[SourceDate "1999.11.16"]
[SourceVersion "1"]
[SourceVersionDate "1999.11.16"]
[SourceQuality "1"]
[WhiteTeam "Bochum II"]
[BlackTeam "Enger Spenge"]
[WhiteTeamCountry "GER"]
[BlackTeamCountry "GER"]

1. e4 e5 2. Nf3 Nc6 3. Bb5 Nf6 4. Qe2 Bc5 5. Bxc6 dxc6 6. Nxe5 Qd4 7. Nd3 Bb6 8. f3 0-0 9. Nf2 Nh5 10. c3 Qd6 11. d4 c5 12. e5 Qd5 13. g4 cxd4 14. gxh5 Re8 15. Bf4 Bf5 16. c4 Qc6 17. Nd2 f6 18. Nde4 fxe5 19. Bg5 h6 20. Bd2 a5 21. Qd3 Rf8 22. Rg1 Kh8 23. Rc1 Bc5 24. Ke2 Qe8 25. Rg3 1/2-1/2

[Event "Oberliga NRW 9899 I"]
[Site "Germany"]
[Date "1998.12.03"]
[Round "3.4"]
[White "Gruen, Gerd Peter"]
[Black "Maslak, Sulejman"]
[Result "1-0"]
[WhiteElo "2385"]
[BlackElo "2225"]
[PlyCount "125"]
[EventDate "1998.10.10"]
[EventType "team"]
[EventRounds "9"]
[EventCountry "GER"]
[SourceTitle "EXT 2000"]
[Source "ChessBase"]
[SourceDate "1999.11.16"]
[SourceVersion "1"]
[SourceVersionDate "1999.11.16"]
[SourceQuality "1"]
[WhiteTeam "Enger Spenge"]
[BlackTeam "Duisburg II"]
[WhiteTeamCountry "GER"]
[BlackTeamCountry "GER"]

1. d4 d5 2. c4 c6 3. e3 Nf6 4. Nf3 Bg4 5. h3 Bh5 6. Qb3 Qb6 7. Nc3 e6 8. cxd5 exd5 9. Qxb6 axb6 10. Ne5 Nbd7 11. f4 Bg6 12. Be2 b5 13. 0-0 Be4 14. g4 b4 15. Nxe4 Nxe4 16. Bd3 Nxe5 17. fxe5 Ng5 18. h4 Ne6 19. Bd2 Be7 20. g5 g6 21. Rf2 0-0 22. Bc2 b6 23. Bb3 Rad8 24. Be1 c5 25. Rd1 c4 26. Ba4 Rc8 27. Bb5 Rfd8 28. Rc2 Ra8 29. e4 Nxd4 30. Rxd4 Bc5 31. Bf2 Bxd4 32. Bxd4 Rxa2 33. exd5 Rxd5 34. Rxc4 Ra1+ 35. Kf2 Rd1 36. e6 Rf5+ 37. Ke3 fxe6 38. Ba4 Re1+ 39. Kd2 Re4 40. Bc2 Rxh4 41. Bxf5 gxf5 42. Kd3 Rh3+ 43. Ke2 Rh4 44. Rxb4 Rg4 45. Bc3 Rxb4 46. Bxb4 Kf7 47. Bd6 Kg6 48. Bf4 b5 49. Kf3 e5 50. Bxe5 Kxg5 51. Bc7 Kf6 52. Kf4 Ke6 53. b4 Kd7 54. Bb6 Ke6 55. Bd8 Kd7 56. Bg5 Ke6 57. Bh4 h6 58. Bd8 Kd7 59. Bf6 Ke6 60. Bh4 h5 61. Bd8 Kd7 62. Bf6 Ke6 63. Bh4 1-0

[Event "BL2-West 9798"]
[Site "Germany"]
[Date "1998.??.??"]
[Round "?.5"]
[White "Gruen, Gerd Peter"]
[Black "Buecker, Stefan"]
[Result "0-1"]
[WhiteElo "2385"]
[BlackElo "2335"]
[PlyCount "78"]
[EventDate "1997.10.??"]
[EventType "team-tourn"]
[EventRounds "9"]
[EventCountry "GER"]
[SourceTitle "EXT 1999"]
[Source "ChessBase"]
[SourceDate "1998.11.16"]
[SourceVersion "1"]
[SourceVersionDate "1998.11.16"]
[SourceQuality "1"]
[WhiteTeam "Enger Spenge"]
[BlackTeam "Muenster"]
[WhiteTeamCountry "GER"]
[BlackTeamCountry "GER"]

1. d4 f5 2. g3 Nf6 3. Bg2 d6 4. Nf3 g6 5. b3 Bg7 6. Bb2 0-0 7. 0-0 Qe8 8. Nbd2 Nc6 9. Nc4 e6 10. a4 a5 11. e3 h6 12. Ne1 b6 13. Nd3 Ba6 14. Re1 Rd8 15. Na3 Bb7 16. Nb5 Rd7 17. c4 Nd8 18. Bxb7 Nxb7 19. Qf3 Nd8 20. c5 Ne4 21. cxb6 cxb6 22. Rac1 g5 23. h3 Qg6 24. Qg2 Nf6 25. Red1 Rff7 26. Rc8 Nd5 27. Ba3 Bf8 28. Nc3 Nc7 29. Nb5 Nxb5 30. axb5 e5 31. Qa8 e4 32. Rxd8 Rxd8 33. Qxd8 exd3 34. Qxb6 f4 35. exf4 gxf4 36. g4 h5 37. f3 hxg4 38. hxg4 Qe6 39. Qc6 Qe3+ 0-1

[Event "BL2-West 9798"]
[Site "Germany"]
[Date "1998.??.??"]
[Round "?.4"]
[White "Straeter, Timo"]
[Black "Gruen, Gerd Peter"]
[Result "1-0"]
[WhiteElo "2300"]
[BlackElo "2385"]
[PlyCount "53"]
[EventDate "1997.10.??"]
[EventType "team-tourn"]
[EventRounds "9"]
[EventCountry "GER"]
[SourceTitle "EXT 1999"]
[Source "ChessBase"]
[SourceDate "1998.11.16"]
[SourceVersion "1"]
[SourceVersionDate "1998.11.16"]
[SourceQuality "1"]
[WhiteTeam "Wattenscheid"]
[BlackTeam "Enger Spenge"]
[WhiteTeamCountry "GER"]
[BlackTeamCountry "GER"]

1. e4 e5 2. Nc3 Nf6 3. g3 Bc5 4. Bg2 d6 5. d3 Bg4 6. Nf3 Nc6 7. h3 Bxf3 8. Bxf3 Nd4 9. Bg2 h6 10. 0-0 Qd7 11. Kh2 h5 12. f3 h4 13. g4 Nh7 14. f4 0-0-0 15. Nd5 c6 16. b4 cxd5 17. bxc5 dxe4 18. cxd6 exf4 19. Bxe4 Ng5 20. Bxf4 Nxe4 21. dxe4 Ne6 22. e5 f6 23. Qd5 g5 24. Be3 fxe5 25. Rf6 Nf4 26. Qc5+ Qc6 27. d7+ 1-0